World of learning 1959-60 (Record no. 19792)
[ view plain ]
| 000 -LEADER | |
|---|---|
| fixed length control field | 00254nam a2200109Ia 4500 |
| 082 ## - DEWEY DECIMAL CLASSIFICATION NUMBER | |
| Classification number | 378.6(058) |
| Item number | WOR |
| 245 #0 - TITLE STATEMENT | |
| Title | World of learning 1959-60 |
| 250 ## - EDITION STATEMENT | |
| Edition statement | Ed.10 |
| 260 ## - PUBLICATION, DISTRIBUTION, ETC. (IMPRINT) | |
| Place of publication | London |
| Name of publisher | Europa |
| 942 ## - ADDED ENTRY ELEMENTS (KOHA) | |
| Koha item type | Books |
| Withdrawn status | Lost status | Damaged status | Not for loan | Home library | Current library | Date acquired | Source of acquisition | Cost, normal purchase price | Full call number | Accession Number | Koha item type |
|---|---|---|---|---|---|---|---|---|---|---|---|
| RRII Library | RRII Library | 16/12/2021 | Auction | 7.00 | 378.6(058) WOR | 00522 | Books |